<?xml version="1.0" encoding="UTF-8"?><?xml-stylesheet type="text/xsl" href="static/style.xsl"?><OAI-PMH xmlns="http://www.openarchives.org/OAI/2.0/" xmlns:xsi="http://www.w3.org/2001/XMLSchema-instance" xsi:schemaLocation="http://www.openarchives.org/OAI/2.0/ http://www.openarchives.org/OAI/2.0/OAI-PMH.xsd"><responseDate>2026-04-17T02:21:16Z</responseDate><request verb="GetRecord" identifier="oai:www.recercat.cat:2072/374001" metadataPrefix="marc">https://recercat.cat/oai/request</request><GetRecord><record><header><identifier>oai:recercat.cat:2072/374001</identifier><datestamp>2024-12-20T22:14:09Z</datestamp><setSpec>com_2072_300912</setSpec><setSpec>com_2072_4427</setSpec><setSpec>col_2072_301309</setSpec></header><metadata><record xmlns="http://www.loc.gov/MARC21/slim" xmlns:dcterms="http://purl.org/dc/terms/" xmlns:xsi="http://www.w3.org/2001/XMLSchema-instance" xmlns:doc="http://www.lyncode.com/xoai" xsi:schemaLocation="http://www.loc.gov/MARC21/slim http://www.loc.gov/standards/marcxml/schema/MARC21slim.xsd">
   <leader>00925njm 22002777a 4500</leader>
   <datafield ind2=" " ind1=" " tag="042">
      <subfield code="a">dc</subfield>
   </datafield>
   <datafield ind2=" " ind1=" " tag="720">
      <subfield code="a">Sanjosé-Orduna, Jesús</subfield>
      <subfield code="e">author</subfield>
   </datafield>
   <datafield ind2=" " ind1=" " tag="720">
      <subfield code="a">Benet-Buchholz, Jordi</subfield>
      <subfield code="e">author</subfield>
   </datafield>
   <datafield ind2=" " ind1=" " tag="720">
      <subfield code="a">Pérez-Temprano, Mónica H.</subfield>
      <subfield code="e">author</subfield>
   </datafield>
   <datafield ind2=" " ind1=" " tag="260">
      <subfield code="c">2019-06-20</subfield>
   </datafield>
   <datafield ind2=" " ind1=" " tag="520">
      <subfield code="a">This Forum Article describes the reactivity and regioselectivity of the insertion of electrophiles, such as alkynes and alkenes, into Co–C bonds in the context of Cp*Co-catalyzed C–H functionalization reactions. The mechanistic investigation, using diphenylacetylene as the model system, reveals that the rate-determining step of the insertion process depends on the temperature. The reaction of a catalytically relevant cobaltacycle, [Cp*CoIII(2-ppy)(MeCN)](BF4), with selected terminal electrophiles, such as phenylacetylene, styrene, and vinyl acetate, unravels different insertion modes depending on the nature of the unsaturated molecule. The inserted products were fully characterized by NMR spectroscopy, electrospray ionization mass spectrometry, and single-crystal X-ray diffraction. In addition, we performed a kinetic study to establish their relative reactivity.</subfield>
   </datafield>
   <datafield ind1="8" ind2=" " tag="024">
      <subfield code="a">http://hdl.handle.net/2072/374001</subfield>
   </datafield>
   <datafield ind1="8" ind2=" " tag="024">
      <subfield code="a">https://doi.org/10.1021/acs.inorgchem.9b01111</subfield>
   </datafield>
   <datafield ind2="0" ind1="0" tag="245">
      <subfield code="a">Unravelling MoIecular Aspects of the Migratory Insertion Step in Cp*CoIII Metallacyclic Systems</subfield>
   </datafield>
</record></metadata></record></GetRecord></OAI-PMH>